Public Investment and Fiscal Policy : Lessons From the Pilot Country Studies.

This paper reports on findings from eight pilot country studies on public investment that were carried out during the second half of 2004. The pilot country studies covered a diverse group of countries. Specifically, they included countries in Latin America (Brazil, Chile, Colombia, and Peru), Afric...

সম্পূর্ণ বিবরণ

গ্রন্থ-পঞ্জীর বিবরন
সংস্থা লেখক: International Monetary Fund
বিন্যাস: পত্রিকা
ভাষা:English
প্রকাশিত: Washington, D.C. : International Monetary Fund, 2005.
মালা:Policy Papers; Policy Paper ; No. 2005/005
অনলাইন ব্যবহার করুন:Full text available on IMF
LEADER 01407cas a2200241 a 4500
001 AALejournalIMF019622
008 230101c9999 xx r poo 0 0eng d
020 |c 5.00 USD 
020 |z 9781498331630 
022 |a 2663-3493 
040 |a BD-DhAAL  |c BD-DhAAL 
110 2 |a International Monetary Fund. 
245 1 0 |a Public Investment and Fiscal Policy :   |b Lessons From the Pilot Country Studies. 
264 1 |a Washington, D.C. :  |b International Monetary Fund,  |c 2005. 
300 |a 1 online resource (48 pages) 
490 1 |a Policy Papers 
500 |a <strong>Off-Campus Access:</strong> No User ID or Password Required 
500 |a <strong>On-Campus Access:</strong> No User ID or Password Required 
506 |a Electronic access restricted to authorized BRAC University faculty, staff and students 
520 3 |a This paper reports on findings from eight pilot country studies on public investment that were carried out during the second half of 2004. The pilot country studies covered a diverse group of countries. Specifically, they included countries in Latin America (Brazil, Chile, Colombia, and Peru), Africa (Ethiopia and Ghana), the Middle East (Jordan), and Asia (India). 
538 |a Mode of access: Internet 
830 0 |a Policy Papers; Policy Paper ;  |v No. 2005/005 
856 4 0 |z Full text available on IMF  |u http://elibrary.imf.org/view/journals/007/2005/005/007.2005.issue-005-en.xml  |z IMF e-Library